| 000 -LEADER |
| fixed length control field |
03246nam a22003857a 4500 |
| 001 - CONTROL NUMBER |
| control field |
85692744 |
| 003 - CONTROL NUMBER IDENTIFIER |
| control field |
OCoLC |
| 005 - DATE AND TIME OF LATEST TRANSACTION |
| control field |
20210426111704.0 |
| 008 - FIXED-LENGTH DATA ELEMENTS--GENERAL INFORMATION |
| fixed length control field |
070215s2007 nyu b 001 0 eng |
| 010 ## - LIBRARY OF CONGRESS CONTROL NUMBER |
| LC control number |
2007006810 |
| 016 ## - NATIONAL BIBLIOGRAPHIC AGENCY CONTROL NUMBER |
| Record control number |
20079024610 |
| 020 ## - INTERNATIONAL STANDARD BOOK NUMBER |
| International Standard Book Number |
9781400040810 |
| 020 ## - INTERNATIONAL STANDARD BOOK NUMBER |
| International Standard Book Number |
1400040817 |
| 020 ## - INTERNATIONAL STANDARD BOOK NUMBER |
| International Standard Book Number |
9780676979787 |
| 020 ## - INTERNATIONAL STANDARD BOOK NUMBER |
| International Standard Book Number |
0676979785 |
| 035 ## - SYSTEM CONTROL NUMBER |
| System control number |
(OCoLC)85692744 |
| 040 ## - CATALOGING SOURCE |
| Original cataloging agency |
DLC |
| Transcribing agency |
DLC |
| Modifying agency |
BAKER |
| -- |
BTCTA |
| -- |
WIQ |
| -- |
C#P |
| -- |
YDXCP |
| -- |
BUR |
| -- |
NLC |
| -- |
VET |
| -- |
IXA |
| Language of cataloging |
eng |
| 041 ## - LANGUAGE CODE |
| Language code of text/sound track or separate title |
eng |
| 049 ## - LOCAL HOLDINGS (OCLC) |
| Holding library |
YYEA |
| 080 ## - UNIVERSAL DECIMAL CLASSIFICATION NUMBER |
| Universal Decimal Classification number |
78 |
| Item number |
S-11 |
| 096 ## - LOCALLY ASSIGNED NLM-TYPE CALL NUMBER (OCLC) |
| Classification number |
ML 3830 S121m 2007 |
| 100 1# - MAIN ENTRY--PERSONAL NAME |
| Personal name |
Sacks, Oliver, |
| Dates associated with a name |
1933-2015. |
| 245 10 - TITLE STATEMENT |
| Title |
Musicophilia : |
| Remainder of title |
tales of music and the brain / |
| Statement of responsibility, etc. |
/ by: Alfred A. Knopf |
| 250 ## - EDITION STATEMENT |
| Edition statement |
1st edition |
| 260 ## - PUBLICATION, DISTRIBUTION, ETC. |
| Place of publication, distribution, etc. |
New York : |
| Name of publisher, distributor, etc. |
Alfred A. Knopf |
| Date of publication, distribution, etc. |
2007. |
| 300 ## - PHYSICAL DESCRIPTION |
| Extent |
xiv, 381 p. ; |
| Dimensions |
22 cm. |
| 365 ## - TRADE PRICE |
| Price amount |
26 usd |
| 504 ## - BIBLIOGRAPHY, ETC. NOTE |
| Bibliography, etc. note |
Includes bibliographical references (p. 353-367) and index. |
| 505 0# - FORMATTED CONTENTS NOTE |
| Formatted contents note |
Haunted by music. A bolt from the blue : sudden musicophilia ; A strangely familiar feeling : musical seizures ; Fear of music : musicogenic epilepsy ; Music on the brain : imagery and imagination ; Brainworms, sticky music and catchy tunes ; Musical hallucinations -- A range of musicality. Sense and sensibility : a range of musicality ; Things fall apart : amusia and dysharmonia ; Papa blows his nose in G : absolute pitch ; Pitch imperfect : cochlear amusia ; In living stereo : why we have two ears ; Two thousand operas : musical savants ; An auditory world : music and blindness ; The key of clear green : synesthesia and music -- Memory, movement, and music. In the moment : music and amnesia ; Speech and song : aphasia and music therapy ; Accidental davening : dyskinesia and cantillation ; Come together : music and Tourette's Syndrome ; Keeping time : rhythm and movement ; Kinetic melody: Parkinson's disease and music therapy -- Phantom fingers: the case of the one-armed pianist ; Athletes of the small muscles : musician's dystonia -- Emotion, identity, and music. Awake and asleep : musical dreams ; Seduction and indifference ; Lamentations : music and depression ; The case of Harry S. : music and emotion ; Irrepressible : music and the temporal lobes ; A hypermusical species : Williams Syndrome ; Music and identity : dementia and music therapy. |
| 520 ## - SUMMARY, ETC. |
| Summary, etc. |
Music can move us to the heights or depths of emotion. It can persuade us to buy something, or remind us of our first date. It can lift us out of depression when nothing else can. It can get us dancing to its beat. But the power of music goes much, much further. Indeed, music occupies more areas of our brain than language does--humans are a musical species. Oliver Sacks's compassionate, compelling tales of people struggling to adapt to different neurological conditions have fundamentally changed the way we think of our own brains, and of the human experience. Here, he examines the powers of music through the individual experiences of patients, musicians, and everyday people. Music is irresistible, haunting, and unforgettable, and Oliver Sacks tells us why.--From publisher description. |
| 590 ## - LOCAL NOTE (RLIN) |
| Local note |
c.1 10026265 Ritt 1/11/08 $26.00. |
| 650 #2 - SUBJECT ADDED ENTRY--TOPICAL TERM |
| Topical term or geographic name entry element |
Music |
| General subdivision |
psychology. |
| 653 ## - INDEX TERM--UNCONTROLLED |
| Uncontrolled term |
მუსიკა |
| 942 ## - ADDED ENTRY ELEMENTS (KOHA) |
| Source of classification or shelving scheme |
|
| Koha item type |
Books |
| Edition |
1 |